[Event "Kieler Open 2015 Gruppe A"]
[Site "Kiel"]
[Date "2015.07.28"]
[Round "6.15"]
[White "Horn, Peter"]
[Black "Rieper, Julian"]
[Result "1/2-1/2"]
[WhiteElo "2110"]
[BlackElo "1906"]
[PlyCount "93"]
[EventDate "2015.??.??"]
[WhiteTeam "SCC Palame"]
[BlackTeam "SK Doppelbauer Kiel"]

1. c4 Nf6 2. g3 e6 3. Bg2 d5 4. Nf3 Be7 5. O-O dxc4 6. Na3 O-O 7. Nxc4 c5 8. b3
Nc6 9. Bb2 Bd7 10. d4 Rc8 11. dxc5 Bxc5 12. Nd6 Bxd6 13. Qxd6 Qe7 14. Rfd1 Rfd8
15. Rac1 Qxd6 16. Rxd6 Be8 17. Rcd1 Rxd6 18. Rxd6 Rd8 19. Rxd8 Nxd8 20. Ne5 Nd5
21. e4 Nb4 22. a3 Nbc6 23. Nc4 Bd7 24. f4 b6 25. Kf2 Nb7 26. b4 f6 27. Ke3 Kf7
28. e5 Ke7 29. Bc3 Ncd8 {(=)} 30. g4 Nc6 31. b5 Nca5 32. Bb4+ Kd8 33. Nxa5 Nxa5
34. a4 Nc4+ 35. Kd4 Nb2 36. Bf1 Nxa4 37. Be2 Nc5 {(=)} 38. Bxc5 bxc5+ 39. Kxc5
fxe5 40. fxe5 Kc7 41. g5 Be8 42. Bc4 Bd7 43. h4 h6 44. Bb3 Bc8 45. Bc2 Bb7 46.
Bb3 Bc8 47. Bc2 {(=)} 1/2-1/2

[Event "Kieler Open 2015 Gruppe A"]
[Site "Kiel"]
[Date "2015.07.28"]
[Round "6.16"]
[White "Raddatz, Michael"]
[Black "Saglam, Bülent"]
[Result "0-1"]
[WhiteElo "2011"]
[BlackElo "2102"]
[PlyCount "84"]
[EventDate "2015.??.??"]
[WhiteTeam "Niendorfer TSV"]
[BlackTeam "SK Doppelbauer Kiel"]

1. e4 c5 2. Nf3 e6 3. d4 cxd4 4. Nxd4 a6 5. Nc3 Qc7 6. Bd3 Nc6 7. Nde2 Ne5 8.
Bf4 Bd6 9. Bg3 h5 10. Qd2 h4 11. Bxe5 Bxe5 12. f4 Bf6 13. e5 Be7 14. O-O-O b6
15. Ne4 Bb7 16. N2c3 f5 17. exf6 gxf6 18. Qe2 f5 19. Ng5 Qxf4+ 20. Kb1 Bxg5 21.
Rhe1 Ne7 22. Bc4 Rh6 23. Qd3 Qc7 24. a4 Bf6 25. Nd5 Bxd5 26. Bxd5 Nxd5 27. Qxd5
O-O-O 28. Qa8+ Qb8 29. Qxa6+ Qb7 30. Qc4+ Qc7 31. Qa6+ Kb8 32. Re3 Rc8 33. Rb3
Bd8 34. a5 e5 35. Rdd3 Rc6 36. axb6 Rxb6 37. Rdc3 Qb7 38. Rxc8+ Kxc8 39. Rc3+
Rc6 40. Rxc6+ dxc6 41. Qc4 Qd7 42. b4 Qd1+ 0-1

[Event "Kieler Open 2015 Gruppe A"]
[Site "Kiel"]
[Date "2015.07.28"]
[Round "6.17"]
[White "Sieweck, Philipp"]
[Black "Janse, Sebastian"]
[Result "0-1"]
[WhiteElo "2076"]
[BlackElo "1686"]
[PlyCount "56"]
[EventDate "2015.??.??"]
[WhiteTeam "SG Turm Kiel"]
[BlackTeam "Klim-op Rotterdam"]

1. e4 e5 2. Nf3 Nc6 3. Bc4 Nf6 4. Ng5 d5 5. exd5 Na5 6. Bb5+ c6 7. dxc6 bxc6 8.
Qf3 Rb8 9. Bxc6+ Nxc6 10. Qxc6+ Nd7 11. d3 Be7 12. Ne4 Bb7 13. Qa4 O-O 14. f3
f5 15. Nf2 Nc5 16. Qc4+ Bd5 17. Qc3 e4 18. dxe4 fxe4 19. Nd2 exf3 20. Nxf3 Nb3
21. O-O Nxa1 22. Rd1 Bh4 23. Nxh4 Qxh4 24. Be3 Rbc8 25. Qe5 Nxc2 26. Qxd5+ Kh8
27. Bxa7 Rcd8 28. Qa5 Qxf2+ 0-1

[Event "Kieler Open 2015 Gruppe A"]
[Site "Kiel"]
[Date "2015.07.28"]
[Round "6.18"]
[White "Wanner, Lukas"]
[Black "Koop, Sören"]
[Result "1/2-1/2"]
[WhiteElo "1944"]
[BlackElo "2070"]
[PlyCount "61"]
[EventDate "2015.??.??"]
[WhiteTeam "SK Doppelbauer Kiel"]
[BlackTeam "SC Wrist-Kellinghusen"]

1. d4 d5 2. Nf3 Nf6 3. e3 Bf5 4. c4 c6 5. Nc3 e6 6. Qb3 Qb6 7. c5 Qc7 8. Nh4
Bg6 9. Nxg6 hxg6 10. g3 Nbd7 11. Bg2 b6 12. cxb6 Qxb6 13. Qc2 c5 14. O-O Rc8
15. dxc5 Bxc5 16. e4 dxe4 17. Nxe4 Nxe4 18. Qxe4 O-O 19. Qb7 Qxb7 20. Bxb7 Rc7
21. Ba6 Bd4 22. Rd1 e5 23. Bb5 Rb8 24. Bxd7 Rxd7 25. Rd2 Rc7 26. Rxd4 exd4 27.
Bf4 Rbc8 28. Bxc7 Rxc7 29. Rd1 Rc2 30. Rxd4 Rxb2 31. Ra4 1/2-1/2

[Event "Kieler Open 2015 Gruppe A"]
[Site "Kiel"]
[Date "2015.07.28"]
[Round "6.19"]
[White "Weber, Benedikt"]
[Black "Zuse, Peter"]
[Result "0-1"]
[WhiteElo "2009"]
[BlackElo "2256"]
[PlyCount "80"]
[EventDate "2015.??.??"]
[WhiteTeam "Reideburger SV"]
[BlackTeam "Klub Kölner SF"]

1. e4 c5 2. Nf3 d6 3. Nc3 Nf6 4. d4 cxd4 5. Nxd4 a6 6. Be2 e5 7. Nb3 Be7 8. O-O
O-O 9. Kh1 Nbd7 10. a4 b6 11. Be3 Bb7 12. f3 Rc8 13. Rf2 Rc7 14. Bf1 h6 15. Rd2
Qa8 16. Nc1 Ne8 17. Nd5 Bxd5 18. Rxd5 f5 19. exf5 Nef6 20. Rd2 d5 21. c3 Re8
22. Nd3 Bc5 23. Nxc5 bxc5 24. a5 Kh8 25. Bd3 c4 26. Bc2 Rb8 27. b3 cxb3 28.
Bxb3 Rb5 29. c4 dxc4 30. Ba4 Rd5 31. Rc1 c3 32. Rd3 Nc5 33. Rxd5 Nxd5 34. Bg1
Nxa4 35. Qxa4 Qc6 36. Qe4 c2 37. Qxe5 Nb4 38. f6 Nd3 39. fxg7+ Rxg7 40. Bd4
Nxe5 0-1

[Event "Kieler Open 2015 Gruppe A"]
[Site "Kiel"]
[Date "2015.07.28"]
[Round "6.20"]
[White "Schäfer, Martin"]
[Black "Bracker, Arne"]
[Result "0-1"]
[WhiteElo "1978"]
[BlackElo "2256"]
[PlyCount "82"]
[EventDate "2015.??.??"]
[WhiteTeam "Kieler SG"]
[BlackTeam "Hamburger SK"]

1. e4 e5 2. Nf3 Nc6 3. Nc3 Nf6 4. g3 Bc5 5. Bg2 d6 6. O-O Nd4 7. d3 Bg4 8. Be3
Qd7 9. Bxd4 Bxd4 10. Qd2 Bb6 11. a4 a6 12. Nd1 h6 13. Ne3 Be6 14. Nh4 g6 15. c3
Ng4 16. Nxg4 Bxg4 17. d4 O-O-O 18. b4 g5 19. Nf3 f5 20. exf5 Qxf5 21. Ne1 exd4
22. cxd4 Rde8 23. f3 Qf6 24. Rd1 Bd7 25. a5 Ba7 26. Kh1 Bb5 27. Rg1 Be2 28. Nc2
Bxd1 29. Rxd1 h5 30. Qc3 h4 31. g4 h3 32. Bf1 Rhf8 33. Rd3 d5 34. Na3 Qe6 35.
Nc2 Qxg4 36. b5 axb5 37. a6 Qe6 38. axb7+ Kxb7 39. Qb3 c6 40. Re3 Qd7 41. Rc3
g4 0-1

[Event "Kieler Open 2015 Gruppe A"]
[Site "Kiel"]
[Date "2015.07.28"]
[Round "6.21"]
[White "Lehr, Thomas"]
[Black "Petri, Alexander"]
[Result "0-1"]
[WhiteElo "1939"]
[BlackElo "2167"]
[PlyCount "66"]
[EventDate "2015.??.??"]
[WhiteTeam "Husumer SV"]
[BlackTeam "SK Doppelbauer Kiel"]

1. e4 c6 2. Nc3 d5 3. Nf3 a6 4. h3 d4 5. Ne2 c5 6. d3 Nc6 7. Bf4 g6 8. Ne5 Nxe5
9. Bxe5 f6 10. Bh2 Qb6 11. Qc1 Nh6 12. c4 Bg7 13. g4 Nf7 14. Bg2 Bh6 15. Qc2
Qa5+ 16. Kf1 O-O 17. Nf4 e6 18. Bf3 Ne5 19. Be2 Bd7 20. Kg2 Ba4 21. b3 Bd7 22.
h4 Qd8 23. Nh3 Nc6 24. Bd6 Rf7 25. Bxc5 Qa5 26. Bd6 e5 27. Rab1 Qd8 28. Ba3 f5
29. g5 fxe4 {(=)} 30. gxh6 Qxh4 31. Rbf1 Rf3 32. Bxf3 exf3+ 33. Kxf3 Qg4# 0-1

[Event "Kieler Open 2015 Gruppe A"]
[Site "Kiel"]
[Date "2015.07.28"]
[Round "6.22"]
[White "Bosselmann, Tom Linus"]
[Black "Roth, Thorsten"]
[Result "0-1"]
[WhiteElo "1701"]
[BlackElo "2083"]
[PlyCount "86"]
[EventDate "2015.??.??"]
[WhiteTeam "Lübecker SV"]
[BlackTeam "Hannover"]

1. e4 e5 2. Nf3 Nc6 3. Bc4 Bc5 4. O-O d6 5. d3 a6 6. c3 Nf6 7. Bb3 Ba7 8. h3
O-O 9. Bg5 h6 10. Bh4 Be6 11. Nbd2 Qe7 12. Nc4 Bxc4 13. Bxc4 Na5 14. Bb3 Nxb3
15. Qxb3 g5 16. Bg3 Nh5 17. Bh2 c6 18. d4 Nf4 19. Bxf4 gxf4 20. d5 Kh8 21. c4
f5 22. Qd3 fxe4 23. Qxe4 cxd5 24. Qxd5 Rg8 25. Rad1 Rg6 26. Qe4 Rag8 27. Ne1
R8g7 28. Kh2 Bd4 29. Rd2 Qc7 30. Rc2 Qa5 31. a3 Qa4 32. Qf5 Qc6 33. f3 Qa4 34.
Qd3 Qd7 35. b4 Rg3 36. c5 R7g5 37. Rh1 dxc5 38. bxc5 Rh5 39. Qf1 Qa4 40. Qd3
Qd7 41. Qf1 Qg7 42. Rg1 Rhxh3+ 43. gxh3 Rxg1 0-1

[Event "Kieler Open 2015 Gruppe A"]
[Site "Kiel"]
[Date "2015.07.28"]
[Round "6.23"]
[White "Gutschenreiter, Donato"]
[Black "Keller, Harald"]
[Result "1/2-1/2"]
[WhiteElo "1639"]
[BlackElo "2041"]
[PlyCount "116"]
[EventDate "2015.??.??"]
[WhiteTeam "Flensburger SK"]
[BlackTeam "SV Rottweil"]

1. e4 Nf6 2. e5 Nd5 3. d4 d6 4. c4 Nb6 5. exd6 cxd6 6. Nf3 g6 7. Be2 Bg7 8. Nc3
Nc6 9. O-O Bg4 10. c5 dxc5 11. dxc5 Qxd1 12. Rxd1 Bxc3 13. cxb6 Bf6 14. bxa7
Rxa7 15. h3 Be6 16. a3 O-O 17. Bh6 Rc8 18. Rd2 Raa8 19. Bg5 Bg7 20. Bb5 Kf8 21.
Bxc6 bxc6 22. Nd4 Bd5 23. Re1 e6 24. Be3 c5 25. Nf3 Rab8 26. Rc1 Bxb2 27. Rxc5
Bxa3 28. Rxc8+ Rxc8 29. Rd3 Bd6 30. Ng5 Rb8 31. Rd1 h5 32. Ne4 Be5 33. Nc5 Bc6
34. f4 Bf6 35. Rd6 Rb1+ 36. Kh2 Bd5 37. Nd7+ Kg7 38. Nxf6 Kxf6 39. Rd7 Rd1 40.
Ra7 Rd3 41. Bc1 h4 42. Ra3 Rd1 43. Be3 Kf5 44. Bf2 Rd2 45. Kg1 f6 46. Kf1 g5
47. fxg5 fxg5 48. Ra5 Rc2 49. Rc5 Rb2 50. Rc1 e5 51. Kg1 Bb7 52. Rc7 e4 53.
Rf7+ Kg6 54. Re7 Kf5 55. Rf7+ Ke6 56. Rg7 e3 57. Bxe3 Rxg2+ 58. Kf1 Rg3 1/2-1/2

[Event "Kieler Open 2015 Gruppe A"]
[Site "Kiel"]
[Date "2015.07.28"]
[Round "6.24"]
[White "Hilbig, Dieter"]
[Black "Reinhardt, Johannes"]
[Result "1-0"]
[WhiteElo "2067"]
[BlackElo "1875"]
[PlyCount "21"]
[EventDate "2015.??.??"]
[WhiteTeam "ESV Gera"]
[BlackTeam "SV Bad Schwartau"]

1. e4 Nc6 2. d4 d5 3. e5 Bf5 4. c3 e6 5. Nf3 f6 6. Bb5 a6 7. Bxc6+ bxc6 8. O-O
c5 9. Re1 cxd4 10. exf6 Qxf6 11. Qa4+ 1-0

[Event "Kieler Open 2015 Gruppe A"]
[Site "Kiel"]
[Date "2015.07.28"]
[Round "6.25"]
[White "Saß, Patrick"]
[Black "Quiring, Nikolai"]
[Result "0-1"]
[WhiteElo "1878"]
[BlackElo "2060"]
[PlyCount "32"]
[EventDate "2015.??.??"]
[WhiteTeam "SV Bad Schwartau"]
[BlackTeam "SV VHS Rendsburg"]

1. e4 e6 2. d4 d5 3. Nc3 Nf6 4. Bg5 Bb4 5. e5 h6 6. exf6 hxg5 7. fxg7 Rg8 8.
Qh5 Qf6 9. O-O-O Bxc3 10. bxc3 Qxg7 11. Nf3 Nd7 12. Bb5 c6 13. Bd3 Nf6 14. Qh3
g4 15. Qg3 gxf3 16. gxf3 Qh6+ 0-1

[Event "Kieler Open 2015 Gruppe A"]
[Site "Kiel"]
[Date "2015.07.28"]
[Round "6.26"]
[White "Berenstein, Alexander"]
[Black "Werner, René"]
[Result "0-1"]
[WhiteElo "2030"]
[BlackElo "1885"]
[PlyCount "94"]
[EventDate "2015.??.??"]
[WhiteTeam "SV Rendsburg"]
[BlackTeam "Kieler SG"]

1. d4 d5 2. c4 e6 3. Nf3 Nf6 4. Nc3 Be7 5. Bf4 c6 6. e3 O-O 7. a3 a5 8. Qc2
Nbd7 9. Bd3 b6 10. h3 Ba6 11. b3 Rc8 12. g4 g6 13. Qe2 c5 14. cxd5 Bxd3 15.
Qxd3 Nxd5 16. Bh6 Re8 17. Ne2 cxd4 18. exd4 Bf6 19. Rd1 Qe7 20. Bc1 e5 21. dxe5
Nxe5 22. Nxe5 Qxe5 23. Kf1 Red8 24. Kg2 Nc3 25. f4 Qxe2+ 26. Qxe2 Nxe2 27. Be3
Bd4 28. Bxd4 Rxd4 29. Kf3 Rxd1 30. Rxd1 Nc1 31. b4 Rc3+ 32. Ke4 Rxh3 33. bxa5
bxa5 34. Rxc1 Rxa3 35. g5 a4 36. Ke5 Kg7 37. Kd4 h5 38. gxh6+ Kxh6 39. Rh1+ Kg7
40. Rc1 Ra2 41. Ke3 a3 42. Rc4 Ra1 43. Ra4 a2 44. Ke2 Kf6 45. Kd2 Kf5 46. Kc2
Rf1 47. Kb2 a1=Q+ 0-1

[Event "Kieler Open 2015 Gruppe A"]
[Site "Kiel"]
[Date "2015.07.28"]
[Round "6.27"]
[White "Lippmann, Kai"]
[Black "Schulz, Gerhard"]
[Result "1/2-1/2"]
[WhiteElo "1971"]
[BlackElo "1858"]
[PlyCount "57"]
[EventDate "2015.??.??"]
[WhiteTeam "Raisdorfer SG"]
[BlackTeam "VT Ludwigslust"]

1. c4 e6 2. Nc3 d5 3. d4 c6 4. e3 Nf6 5. Nf3 Nbd7 6. Bd3 dxc4 7. Bxc4 b5 8. Bd3
Bb7 9. O-O a6 10. b3 Be7 11. Bb2 O-O 12. Rc1 c5 13. Bb1 cxd4 14. Nxd4 Rc8 15.
Qe2 Qa5 16. Rfd1 Bb4 17. Ncxb5 axb5 18. Qxb5 Qxb5 19. Nxb5 Rxc1 20. Rxc1 Rc8
21. Rd1 Ba6 22. Nd4 Nd5 23. Be4 Nc3 24. Bxc3 Bxc3 25. Nc6 Rc7 26. Nb8 Bc8 27.
Bc6 Nf8 28. Rd3 Bf6 29. b4 1/2-1/2

[Event "Kieler Open 2015 Gruppe A"]
[Site "Kiel"]
[Date "2015.07.28"]
[Round "6.28"]
[White "Rosenburg, Hauke"]
[Black "Boyens, Birger"]
[Result "1-0"]
[WhiteElo "1862"]
[BlackElo "1969"]
[PlyCount "73"]
[EventDate "2015.??.??"]
[WhiteTeam "SF Burg"]
[BlackTeam "Husumer SV"]

1. c4 f5 2. d4 Nf6 3. Nf3 e6 4. Nc3 d5 5. Bf4 c6 6. e3 Bd6 7. Ne5 O-O 8. Be2
Ne4 9. c5 Be7 10. Nxe4 fxe4 11. O-O Bg5 12. Bg3 a5 13. a3 a4 14. b4 axb3 15.
Qxb3 Bh4 16. Bf4 g5 17. Bg3 Bxg3 18. fxg3 Rxf1+ 19. Rxf1 Nd7 20. Nf7 Qc7 21.
Nxg5 Qa5 22. Nxe4 Qxa3 23. Qxa3 Rxa3 24. Nd6 Ra8 25. Rb1 Nf6 26. Nxc8 Rxc8 27.
Rxb7 Ra8 28. Rb2 Ra1+ 29. Kf2 Ne4+ 30. Kf3 Kg7 31. Bd3 Ng5+ 32. Kf4 Kf6 33. h4
Nf7 34. g4 e5+ 35. dxe5+ Nxe5 36. g5+ Ke6 37. Bf5+ 1-0

[Event "Kieler Open 2015 Gruppe A"]
[Site "Kiel"]
[Date "2015.07.28"]
[Round "6.29"]
[White "Zimmermann, Manfred"]
[Black "Götz, Dirk"]
[Result "1-0"]
[WhiteElo "1957"]
[BlackElo "1798"]
[PlyCount "66"]
[EventDate "2015.??.??"]
[WhiteTeam "Kieler SG"]
[BlackTeam "TuS Holtenau"]

1. d4 d5 2. Nf3 Nf6 3. e3 e6 4. Bd3 g6 5. Nbd2 Bg7 6. b3 O-O 7. Bb2 b6 8. Qe2
Bb7 9. Ba3 Re8 10. Ne5 Nfd7 11. f4 Nxe5 12. fxe5 f6 13. exf6 Bxf6 14. O-O e5
15. Qf2 Nd7 16. c3 e4 17. Bb5 c6 18. Be2 Be7 19. Bxe7 Qxe7 20. Qg3 Nf6 21. Rf2
Rf8 22. Qg5 Rf7 23. Raf1 Raf8 24. h4 Nd7 25. Qxe7 Rxe7 26. Bg4 Rxf2 27. Rxf2
Kg7 28. Kh2 Nf6 29. Bh3 Rf7 30. Kg1 Nh5 31. Bg4 Ng3 32. Rxf7+ Kxf7 33. Kh2 Nf1+
1-0

[Event "Kieler Open 2015 Gruppe A"]
[Site "Kiel"]
[Date "2015.07.28"]
[Round "6.30"]
[White "Janse, Alexander"]
[Black "Karlisch, Moritz"]
[Result "1-0"]
[WhiteElo "1936"]
[BlackElo "1722"]
[PlyCount "77"]
[EventDate "2015.??.??"]
[WhiteTeam "Klim-op Rotterdam"]
[BlackTeam "SK Doppelbauer Kiel"]

1. e4 e5 2. Nf3 Nc6 3. Bb5 a6 4. Ba4 Nf6 5. d3 Bc5 6. c3 b5 7. Bc2 d6 8. O-O h6
9. Re1 O-O 10. h3 Bb7 11. Nbd2 Re8 12. Nf1 Bb6 13. Ng3 Ne7 14. Nh4 c5 15. Qf3
Nc6 16. Ngf5 Kh7 17. Nxg7 Kxg7 18. Nf5+ Kh7 19. Nxh6 Qe7 20. Bg5 Bd8 21. Ng4
Qe6 22. Bxf6 Rg8 23. Bxd8 Rgxd8 24. Re3 Ne7 25. Qd1 Ng6 26. d4 Rac8 27. d5 Qe7
28. Qd2 Kg7 29. Rg3 Rh8 30. Ne3 Kf8 31. Nf5 Qf6 32. a4 Nf4 33. axb5 axb5 34.
Ra7 Rb8 35. Kf1 Qd8 36. Qd1 Qb6 37. Qa1 Qd8 38. Qa5 Qxa5 39. Rxa5 1-0

[Event "Kieler Open 2015 Gruppe A"]
[Site "Kiel"]
[Date "2015.07.28"]
[Round "6.31"]
[White "Thesing, Ansgar"]
[Black "Sommer, Stefan"]
[Result "1/2-1/2"]
[WhiteElo "1916"]
[BlackElo "1729"]
[PlyCount "41"]
[EventDate "2015.??.??"]
[WhiteTeam "SC Kreuzberg"]
[BlackTeam "SV RUGIA Bergen"]

1. e4 e5 2. Nc3 Nf6 3. g3 Bc5 4. Bg2 O-O 5. d3 d6 6. Na4 Bb4+ 7. c3 Ba5 8. b4
Bb6 9. Ne2 Nc6 10. O-O Ne7 11. Nxb6 axb6 12. d4 Be6 13. Qd3 Rxa2 14. Rxa2 Bxa2
15. c4 b5 16. cxb5 exd4 17. Bb2 d5 18. exd5 Bxd5 19. Bxd5 Nexd5 20. Qxd4 Qd7
21. Qc5 1/2-1/2

[Event "Kieler Open 2015 Gruppe A"]
[Site "Kiel"]
[Date "2015.07.28"]
[Round "6.32"]
[White "Schulz, Toni"]
[Black "Kiep, Fabian"]
[Result "1/2-1/2"]
[WhiteElo "1895"]
[BlackElo "1703"]
[PlyCount "54"]
[EventDate "2015.??.??"]
[WhiteTeam "ESV Lok Raw Cottbus"]
[BlackTeam "SC Agon Neumünster"]

1. d4 g6 2. Nf3 Bg7 3. Bf4 d6 4. e3 Nd7 5. h3 c6 6. c3 Ngf6 7. Be2 O-O 8. O-O
Nd5 9. Bh2 e5 10. c4 Nc7 11. Nc3 Qe7 12. b4 Rd8 13. Qb3 Nf8 14. Rad1 exd4 15.
Nxd4 Be5 16. Bxe5 dxe5 17. Nf3 Rxd1 18. Rxd1 f6 19. Ne4 Ne8 20. c5+ Be6 21. Bc4
Bxc4 22. Qxc4+ Ne6 23. a4 Kf7 24. b5 Rd8 25. Rxd8 Qxd8 26. bxc6 bxc6 27. Qb3
Ke7 1/2-1/2

[Event "Kieler Open 2015 Gruppe A"]
[Site "Kiel"]
[Date "2015.07.28"]
[Round "6.33"]
[White "Helmich, Jörg"]
[Black "Möller, Dustin"]
[Result "0-1"]
[WhiteElo "1704"]
[BlackElo "1947"]
[PlyCount "40"]
[EventDate "2015.??.??"]
[WhiteTeam "Regensb. Turnerschaft"]
[BlackTeam "Eckernförder SC"]

1. d4 d5 2. c4 e6 3. Nf3 c6 4. g3 f5 5. Bg2 Nf6 6. O-O Bd6 7. Ne5 O-O 8. Nd2
Nbd7 9. Ndf3 Ne4 10. Nxd7 Qxd7 11. cxd5 exd5 12. Ng5 Nxg5 13. Bxg5 f4 14. Bxf4
Bxf4 15. gxf4 Rxf4 16. e3 Rh4 17. f4 Qe6 18. Qe1 Qh6 19. Qg3 Rg4 20. Qh3 Qxh3
0-1

[Event "Kieler Open 2015 Gruppe A"]
[Site "Kiel"]
[Date "2015.07.28"]
[Round "6.34"]
[White "Wegemund, Hubert"]
[Black "Thormeier, Johannes"]
[Result "1-0"]
[WhiteElo "1873"]
[BlackElo "1432"]
[PlyCount "129"]
[EventDate "2015.??.??"]
[WhiteTeam "SK Norderstedt"]
[BlackTeam "SC Wolfsburg"]

1. e4 c6 2. d4 d5 3. Nc3 dxe4 4. Nxe4 Nd7 5. Nf3 Ngf6 6. Ng3 e6 7. Bd3 Bd6 8.
c3 b6 9. Qe2 O-O 10. Ne5 Bb7 11. Bg5 Qc7 12. Nxd7 Nxd7 13. Qe4 g6 14. Qh4 f6
15. Bh6 Rf7 16. Ne4 Bf8 17. Bf4 e5 18. Bg3 c5 19. Bc4 Bxe4 20. Qxe4 Rd8 21. Qd5
Nb8 22. Qxf7+ Qxf7 23. Bxf7+ Kxf7 24. dxe5 fxe5 25. Rd1 Rxd1+ 26. Kxd1 Nd7 27.
f3 Ke6 28. Kc2 g5 29. Kb3 b5 30. c4 a6 31. Rd1 bxc4+ 32. Kxc4 Nb6+ 33. Kd3 Nd5
34. Ke4 Nf6+ 35. Ke3 Nd5+ 36. Kf2 Bd6 37. Rc1 Nb4 38. Ke3 Nxa2 39. Ra1 Nb4 40.
Ke4 Bc7 41. Rc1 Bd6 42. Bf2 Nd5 43. Bxc5 Nf6+ 44. Kd3 e4+ 45. fxe4 Bxh2 46. Bd4
Nd7 47. Rc6+ Bd6 48. Rxa6 h5 49. Ra8 Nb8 50. Ra5 Be7 51. Be3 Nc6 52. Ra6 Kd7
53. Ra8 Ne5+ 54. Kd4 Nc6+ 55. Kd3 Ne5+ 56. Ke2 Nc4 57. b3 Nd6 58. Kf3 g4+ 59.
Kf4 Nf7 60. Kg3 Ke6 61. Ra7 Nd6 62. Ra6 Kf7 63. Kf4 Ne8 64. Rh6 Nf6 65. Bd4 1-0

[Event "Kieler Open 2015 Gruppe A"]
[Site "Kiel"]
[Date "2015.07.28"]
[Round "6.35"]
[White "Eberhardt, Michael"]
[Black "Gutschenreiter, Dorian"]
[Result "0-1"]
[WhiteElo "1827"]
[BlackElo "1865"]
[PlyCount "96"]
[EventDate "2015.??.??"]
[WhiteTeam "SC Agon Neumünster"]
[BlackTeam "Flensburger SK"]

1. d4 Nf6 2. c4 g6 3. Nc3 Bg7 4. g3 O-O 5. Bg2 d6 6. Nf3 Nc6 7. O-O e5 8. dxe5
dxe5 9. Qc2 Qe7 10. h3 h6 11. e4 Nd4 12. Nxd4 exd4 13. Nb5 Rd8 14. Bf4 Ne8 15.
Rad1 c6 16. Na3 Nc7 17. Qc1 Kh7 18. Rfe1 Ne6 19. Bd2 d3 20. Bc3 Nd4 21. Bxd4
Bxd4 22. Nb1 Qe5 23. Qf4 Qxf4 24. gxf4 Bxb2 25. Bf1 Be6 26. Nd2 Bc3 27. Re3
Bxd2 28. Rxd2 Bxc4 29. Bxd3 Rd4 30. e5 Kg7 31. f5 gxf5 32. Rg3+ Kf8 33. Rf3
Rad8 34. Bxc4 Rxd2 35. Rxf5 R8d7 36. e6 Re7 37. exf7 b5 38. Bb3 a5 39. a4 Rb2
40. Rf3 bxa4 41. Bc4 Rc2 42. Rf4 a3 43. Rg4 Rxc4 44. Rxc4 Re1+ 45. Kg2 a2 46.
Rxc6 a1=Q 47. Rxh6 Qg7+ 48. Kh2 Qg1# 0-1

[Event "Kieler Open 2015 Gruppe A"]
[Site "Kiel"]
[Date "2015.07.28"]
[Round "6.36"]
[White "Wunderlich, Matthias"]
[Black "Rohmann, Volker"]
[Result "1/2-1/2"]
[WhiteElo "1730"]
[BlackElo "1841"]
[PlyCount "45"]
[EventDate "2015.??.??"]
[WhiteTeam "BSV-KW Jänschwalde"]
[BlackTeam "SVG Friedrichsort"]

1. Nc3 d5 2. e4 e6 3. d4 dxe4 4. Nxe4 Bd7 5. Nf3 Bc6 6. Bd3 Nd7 7. O-O Bxe4 8.
Bxe4 c6 9. Re1 Ngf6 10. Bd3 Be7 11. c4 O-O 12. Bd2 Qc7 13. Bc3 Rfd8 14. Qe2 Re8
15. Rac1 Rad8 16. Ne5 Nxe5 17. dxe5 Nd7 18. Qh5 g6 19. Qg4 Nf8 20. Bb1 Rd7 21.
Rcd1 Rxd1 22. Rxd1 Rd8 23. Rxd8 1/2-1/2

[Event "Kieler Open 2015 Gruppe A"]
[Site "Kiel"]
[Date "2015.07.28"]
[Round "6.37"]
[White "Laufenburg, Frank"]
[Black "GutierrezBolado, Juan Antonio"]
[Result "1/2-1/2"]
[WhiteElo "1746"]
[BlackElo "1669"]
[PlyCount "81"]
[EventDate "2015.??.??"]
[WhiteTeam "SC Bergen-Enkheim"]
[BlackTeam "Spanien"]

1. Nf3 c5 2. b3 Nf6 3. Bb2 g6 4. c4 Bg7 5. Nc3 O-O 6. g3 Nc6 7. Bg2 e5 8. d3
Re8 9. O-O d6 10. Nd2 a6 11. Nde4 Nxe4 12. dxe4 Bg4 13. h3 Be6 14. Qd2 Qd7 15.
Rfd1 Rad8 16. h4 Ne7 17. Qe1 Bh3 18. Qf1 Bxg2 19. Qxg2 Nc8 20. Rd2 Qc6 21. Qf1
f5 22. exf5 gxf5 23. Qg2 e4 24. e3 Re6 25. Nd5 Bxb2 26. Rxb2 Ne7 27. Rd2 Ng6
28. Kh1 Ne5 29. Qh3 Ng4 30. Kg1 Rd7 31. Kf1 Rf7 32. Nf4 Rh6 33. Ke2 Qe8 34.
Rad1 Qe5 35. Rd5 Qe7 36. Qf1 Ne5 37. Kd2 Qc7 38. Kc1 Rd7 39. Qe2 a5 40. a4 Rf7
41. Qb2 1/2-1/2

[Event "Kieler Open 2015 Gruppe A"]
[Site "Kiel"]
[Date "2015.07.28"]
[Round "6.38"]
[White "Schumacher, Horst"]
[Black "Wenske, Hardy"]
[Result "1/2-1/2"]
[WhiteElo "1815"]
[BlackElo "1786"]
[PlyCount "38"]
[EventDate "2015.??.??"]
[WhiteTeam "TuS Holtenau"]
[BlackTeam "Kieler SG"]

1. e4 c6 2. d4 d5 3. Nc3 dxe4 4. f3 exf3 5. Nxf3 Bg4 6. Bc4 Nf6 7. Bxf7+ Kxf7
8. Ne5+ Kg8 9. Nxg4 Nbd7 10. Qe2 Qe8 11. O-O Qg6 12. Qe6+ Qf7 13. Qxf7+ Kxf7
14. Ne5+ Ke8 15. Nxd7 Kxd7 16. Bd2 e6 17. a3 c5 18. dxc5 Bxc5+ 19. Kh1 Rae8
1/2-1/2

[Event "Kieler Open 2015 Gruppe A"]
[Site "Kiel"]
[Date "2015.07.28"]
[Round "6.39"]
[White "Rosenkranz, Bernd-Christian"]
[Black "Friedel, Roland"]
[Result "1-0"]
[WhiteElo "1708"]
[BlackElo "1691"]
[PlyCount "80"]
[EventDate "2015.??.??"]
[WhiteTeam "SV VHS Rendsburg"]
[BlackTeam "SSC Rostock"]

1. c4 Nf6 2. g3 e6 3. Bg2 c6 4. Nf3 d5 5. O-O Be7 6. Qc2 Nbd7 7. d4 dxc4 8. a4
a5 9. Qxc4 O-O 10. Bd2 Bd6 11. Qc2 e5 12. e4 exd4 13. Nxd4 Bc5 14. Be3 Bb4 15.
Rd1 Qe8 16. Na3 Bxa3 17. Rxa3 Ne5 18. Ne2 Ned7 19. Rad3 Nxe4 20. Rd4 Nef6 21.
Rh4 Qe5 22. Bf4 Qc5 23. Nc3 g5 24. Bd6 Qb6 25. Rh6 Re8 26. Qf5 Re6 27. Ne4 Qxb2
28. Nxg5 Qb3 29. Rf1 Rxd6 30. Nxh7 Nf8 31. Nxf6+ Kg7 32. Qg5+ Ng6 33. Ne8+ Kg8
34. Nxd6 Be6 35. h4 Kf8 36. h5 Qd3 37. hxg6 Qd4 38. Nxf7 Bxf7 39. gxf7 Qg7 40.
Qc5+ Kxf7 1-0

[Event "Kieler Open 2015 Gruppe A"]
[Site "Kiel"]
[Date "2015.07.28"]
[Round "6.40"]
[White "Riha, Peter"]
[Black "Röhl, Manfred"]
[Result "0-1"]
[WhiteElo "1787"]
[BlackElo "1826"]
[PlyCount "112"]
[EventDate "2015.??.??"]
[WhiteTeam "Schleswiger SV"]
[BlackTeam "SK Bremen-Nord"]

1. d4 d5 2. Bf4 e6 3. e3 Nf6 4. Nd2 Nbd7 5. Ngf3 Be7 6. Ne5 O-O 7. Bd3 Nxe5 8.
dxe5 Nd7 9. c3 f5 10. h4 g6 11. Nf3 Nc5 12. Ng5 Ne4 13. Bxe4 dxe4 14. Qb3 Qd5
15. Qxd5 exd5 16. Bg3 Re8 17. f4 h5 18. O-O-O c6 19. Be1 Bc5 20. Bd2 b6 21. Nh3
a5 22. Rhe1 Ba6 23. Nf2 Be7 24. g3 Rab8 25. Kc2 Red8 26. Kb1 Rb7 27. Ka1 Rbd7
28. Bc1 b5 29. Bd2 Rb8 30. Rc1 Rdb7 31. Rb1 b4 32. cxb4 axb4 33. b3 c5 34. Rb2
c4 35. Bc1 Rd7 36. Rc2 Bb5 37. Kb1 Bc5 38. Rd1 Ra8 39. bxc4 Ba4 40. cxd5 Bxc2+
41. Kxc2 Rxa2+ 42. Bb2 Bxe3 43. Nh3 Bc5 44. Kb3 Ra8 45. d6 Ra6 46. Ng5 e3 47.
Rc1 Bxd6 48. exd6 Raxd6 49. Rc8+ Rd8 50. Rxd8+ Rxd8 51. Kxb4 e2 52. Nf3 Rd3 53.
Ne1 Rxg3 54. Bc3 Kf7 55. Kb3 Rh3 56. Ng2 Rh2 0-1

[Event "Kieler Open 2015 Gruppe A"]
[Site "Kiel"]
[Date "2015.07.28"]
[Round "6.41"]
[White "Isler, Benjamin"]
[Black "Millgramm, Stephan"]
[Result "0-1"]
[WhiteElo "1704"]
[BlackElo "1846"]
[PlyCount "104"]
[EventDate "2015.??.??"]
[WhiteTeam "Flensburger SK"]
[BlackTeam "Flensburger SK"]

1. e4 c5 2. Nf3 d6 3. d4 cxd4 4. Nxd4 Nf6 5. Nc3 e5 6. Nb3 Be6 7. Bg5 Be7 8.
Bxf6 Bxf6 9. Nd5 Be7 10. Nxe7 Qxe7 11. Bb5+ Nc6 12. Na5 Qc7 13. Qd2 O-O 14.
Nxc6 bxc6 15. Qc3 Rfc8 16. Ba6 Rd8 17. Bd3 Qb6 18. Ke2 Rab8 19. b3 f6 20. Rad1
d5 21. f3 d4 22. Qd2 c5 23. c4 a5 24. Rb1 Qb4 25. Qxb4 axb4 26. g4 Ra8 27. Rb2
Kf7 28. Kf2 Rh8 29. h4 Rag8 30. Kg3 g6 31. h5 f5 32. hxg6+ hxg6 33. Rbh2 Rxh2
34. Rxh2 fxg4 35. f4 {(=)} exf4+ 36. Kxf4 Rf8 37. Kg5 Kg7 38. Rg2 Rh8 39. Be2
Rh5+ 40. Kf4 Kf6 41. Bxg4 Bxg4 42. Rxg4 g5+ 43. Kf3 Rh4 44. e5+ Kf5 45. Rg1
Rf4+ 46. Ke2 Re4+ 47. Kd3 Rxe5 48. a3 Re3+ 49. Kc2 bxa3 50. Ra1 a2 51. b4 cxb4
52. Rxa2 b3+ 0-1